000 00645nam a2200181 u 4500
001 000041148
005 20201002034646.0
008 090727s2006 dr r 000 0 spa d
040 _aDO-SdBNP
_bspa
_cBNPHU
082 _axxx
_bY53c
100 1 _aYnoa Jaime, Máximo de Js.
_d1967-
_967691
245 1 0 _aCompendio de las vías de ejecución /
_cMáximo de Js. Ynoa Jaime; prólogo Luís José Bourget.
260 _aSanto Domingo :
_bCumbre,
_c2006.
300 _a211 p. : ;
_c21 cm.
500 _aIncluye datos bibliográficos del autor en la contraportada
504 _aBibliografía p: 209 - 211
700 1 _aBourget, Luís José
_eprol.
_913927
999 _c40638
_d40638